Statistics for Pairs #19

Click here to take the quiz!

General Stats

  • This quiz has been taken 71 times
  • The average score is 21 of 25

Answer Stats

HintAnswer% Correct
MilkCereal
95%
HeavenEarth
95%
ComeGo
95%
NowThen
95%
To haveTo hold
95%
FleshBlood
93%
MixMatch
93%
ComingsGoings
91%
CloakDagger
89%
ShoesSocks
89%
ShirtTie
89%
HillsValleys
89%
BlackWhite
89%
BitsBobs
85%
FootlooseFancy free
85%
BigSmall
85%
LoudClear
82%
NoughtsCrosses
80%
HighDry
78%
ShortStout
78%
ForeAft
76%
RoughTumble
76%
ShotShell
65%
PissMoan
62%
WetWild
60%

Score Distribution

Percentile by Number Answered

Percent of People with Each Score

Your Score History

You have not taken this quiz